Τοπολογία : ασκήσεις περιληπτική θεωρία

Αποθηκεύτηκε σε:
Λεπτομέρειες βιβλιογραφικής εγγραφής
Κύριος συγγραφέας: Κυβεντίδης, Θωμάς Α., 1947-
Μορφή: Βιβλίο
Γλώσσα:Greek
Δημοσίευση: Θεσσαλονίκη : [χ.ο.], 1977.
Θέματα:
Ετικέτες: Προσθήκη ετικέτας
Δεν υπάρχουν, Καταχωρήστε ετικέτα πρώτοι!

MARC

LEADER 00000cam a2200000 i 4500
001 1/35051
008 941103s1977 gr | ||| |||| ||gre||
035 |a 1995  |l 10039825 
035 |1 ΕΛΗ  |a 1995  |b 2510  |c ΠΟΥΡΝΑΡΑΣ 
040 |a GR-MyUA  |b gre  |e AACR2 
041 0 |a gre 
082 0 |a 514.322 
100 1 |a Κυβεντίδης, Θωμάς Α.,   |d 1947- 
245 1 0 |a Τοπολογία :   |b ασκήσεις περιληπτική θεωρία /   |c Κυβεντίδη Θωμά.  
260 |a Θεσσαλονίκη :   |b [χ.ο.],   |c 1977.  
300 |a 398 σ. :   |b εικ. ;   |c 24 εκ.  
504 |a Περιλαμβάνει βιβλιογραφικές αναφορές.  
650 0 0 |a Topology. 
650 0 0 |a Topological spaces. 
650 0 0 |a Topology  |x Problems, exercises, etc. 
852 |a INST  |b SAMOS  |e 19950217  |h 514.322 ΚΥΒ  |p 005300004117  |q 005300004117  |t BK  |y 12 
852 |a INST  |b SAMOS  |e 19950216  |h 514.322 ΚΥΒ  |p 005300006391  |q 005300006391  |t BK  |y 0 
852 |a INST  |b SAMOS  |e 19950216  |h 514.322 ΚΥΒ  |p 005300006392  |q 005300006392  |t BK  |y 12 
852 |a INST  |b SAMOS  |e 19941103  |h 514.322 ΚΥΒ  |p 005300006514  |q 005300006514  |t BK  |y 0 
852 |a INST  |b SAMOS  |e 19960301  |h 514.322 ΚΥΒ  |p 005300010153  |q 005300010153  |t BK  |y 23 
852 |a INST  |b SAMOS  |e 19980518  |h 514.322 ΚΥΒ  |p 005300011527  |q 005300011527  |t BK  |y 0 
852 |a INST  |b SAMOS  |e 19980518  |h 514.322 ΚΥΒ  |p 005300011528  |q 005300011528  |t BK  |y 0 
852 |a INST  |b SAMOS  |e 19941103  |h 514.322 ΚΥΒ  |p 005300036587  |q 005300036587  |t BK  |y 0 
901 |a BIBL-1998-2 
909 |a Σ  |b 035534 
909 |a Σ  |b 017877 
909 |a Σ  |b 029900 
909 |a Σ  |b 035535 
909 |a Σ  |b 038777 
909 |a Σ  |b 043114 
909 |a Σ  |b 055881 
909 |a Σ  |b 055880 
922 |a 3ΕΛΗ  |b 199805  |c ΚΠΣ  |d EMVASIS